Central Library OPAC University of Rajshahi

সমাজদর্শন : (Record no. 37971)

MARC details
000 -LEADER
fixed length control field 01092nam a2200241 a 4500
001 - CONTROL NUMBER
control field 37971
003 - CONTROL NUMBER IDENTIFIER
rucl marc code BD-RjUL
005 - DATE AND TIME OF LATEST TRANSACTION
control field 20211209052710.0
008 - FIXED-LENGTH DATA ELEMENTS--GENERAL INFORMATION
fixed length control field 140906r19741980ii ||||| |||| 00| 0 ben d
035 ## - SYSTEM CONTROL NUMBER
System control number (BD-RjUL)38076
040 ## - CATALOGING SOURCE
Original cataloging agency BD-RjUL
Language of cataloging ben
Transcribing agency BD-RjUL
041 ## - LANGUAGE CODE
Language code of text/sound track or separate title ben
082 ## - DEWEY DECIMAL CLASSIFICATION NUMBER
Edition number 22
Classification number 300.1
Author mark and year SES 1980
100 ## - MAIN ENTRY--PERSONAL NAME
Personal name সেনগুপ্ত, প্রমোদবন্ধু
9 (RLIN) 112235
245 ## - TITLE STATEMENT
Title সমাজদর্শন :
Remainder of title (Social Philosophy) /
Statement of responsibility, etc. প্রমোদবন্ধু সেনগুপ্ত ও মতিলাল মুখোপাধ্যায়
250 ## - EDITION STATEMENT
Edition statement ৯ম সং.
260 ## - PUBLICATION, DISTRIBUTION, ETC. (IMPRINT)
Place of publication, distribution, etc. কলিকাতা :
Name of publisher, distributor, etc. ব্যানার্জী পাবলিশার্স,
Date of publication, distribution, etc. ১৯৭২, ১৯৭৪ [পুর্নমুদ্রণ ১৯৮০]
300 ## - PHYSICAL DESCRIPTION
Pagination xvi, ৪৭৮ পৃ. ;
Size ১৯ সেমি.
650 ## - SUBJECT ADDED ENTRY--TOPICAL TERM
Topical term or geographic name as entry element সামাজিক বিজ্ঞান
General subdivision দর্শন
9 (RLIN) 117615
Topical term or geographic name as entry element Social sciences
General subdivision Philosophy.
9 (RLIN) 117615
700 ## - ADDED ENTRY--PERSONAL NAME
Personal name মুখোপাধ্যায়, মতিলাল
942 ## - ADDED ENTRY ELEMENTS (KOHA)
Source of classification or shelving scheme Dewey Decimal Classification
Koha item type Books
Holdings
Lost status Source of classification or shelving scheme Damaged status Not for loan Collection code Permanent Location Current Location Shelving location Date acquired Total Checkouts Full call number Date last seen Copy number Koha item type Source of acquisition Cost, normal purchase price Date checked out Total Renewals
  Dewey Decimal Classification     Non-fiction Central Library, University of Rajshahi Central Library, University of Rajshahi   19/08/2015   B 300.1 SES 1980 19/08/2015 C-2 Books        
  Dewey Decimal Classification     Non-fiction Central Library, University of Rajshahi Central Library, University of Rajshahi   29/05/1980 4 B 300.1 SES 1980 29/08/2016 C-3 Books ইন্ডিয়া ইন্টারন্যাশনাল, কলিকাতা 17.00 13/08/2016  
  Dewey Decimal Classification     Non-fiction Central Library, University of Rajshahi Central Library, University of Rajshahi   29/04/1976 1 B 300.1 SES 1974 17/11/2015 C-4 Books আলীগড় লাইব্রেরী, রাজশাহী 30.00 08/11/2015  
  Dewey Decimal Classification     Non-fiction Central Library, University of Rajshahi Central Library, University of Rajshahi   28/07/1983 15 B 300.1 SES 1974 24/03/2024 C-5 Books আলীগড় লাইব্রেরী, রাজশাহী 51.00 10/03/2024 2
  Dewey Decimal Classification   Not For Loan Non-fiction Central Library, University of Rajshahi Central Library, University of Rajshahi Reading Room 30/06/1981   B 300.1 SES 1974 17/11/2015 C-1 Books ইউরেকা বুক এজেন্সী, রাজশাহী 51.00    
  Dewey Decimal Classification     Non-fiction Central Library, University of Rajshahi Central Library, University of Rajshahi   19/05/1980 3 B 300.1 SES 1980 15/10/2016 C-6 Books ইন্ডিয়া ইন্টারন্যাশনাল, কলিকাতা 17.00 25/09/2016  
  Dewey Decimal Classification     Non-fiction Central Library, University of Rajshahi Central Library, University of Rajshahi   29/05/1980 1 B 300.1 SES 1974 05/01/2017 C-7 Books ইন্ডিয়া ইন্টারন্যাশনাল, কলিকাতা 17.00 26/12/2016  
  Dewey Decimal Classification     Non-fiction Central Library, University of Rajshahi Central Library, University of Rajshahi   29/04/1976 2 B 300.1 SES 1980 06/03/2019 C-8 Books Aligorh Library, Rajshahi 30.00 26/02/2019  
  Dewey Decimal Classification     Non-fiction Central Library, University of Rajshahi Central Library, University of Rajshahi   19/04/1975   B 300.1 SES 1972 05/09/2021 C-9 Books Alighar Library 30.00    
  Dewey Decimal Classification     Non-fiction Central Library, University of Rajshahi Central Library, University of Rajshahi   16/08/1982   B 300.1 SES 1980 19/10/2021 C-10 Books Alighar Library      
  Dewey Decimal Classification     Non-fiction Central Library, University of Rajshahi Central Library, University of Rajshahi General Stacks 28/07/1983 1 B 300.1 SES 1980 13/03/2025 C-11 Books Alighar Library   27/02/2025